| 000 | 00661nam a2200229Ia 4500 | ||
|---|---|---|---|
| 003 | OSt | ||
| 005 | 20221007063827.0 | ||
| 006 | a|||||r|||| 00| 0 | ||
| 007 | ta | ||
| 008 | 221006b |||||||| |||| 00| 0 eng d | ||
| 024 | _a7,583 | ||
| 037 | _cTextual | ||
| 040 |
_aFLL _cFLL _beng |
||
| 041 |
_2eng _aeng |
||
| 082 | _aX7282:Z2q, L6 | ||
| 100 | _aBhattacharya Sukumar Au. | ||
| 245 | 0 | _aLaw and practice of wealth tax ,gift tax and companies (profits)surtax | |
| 260 |
_aCalcutta _bNababhart pub. India _c1976 |
||
| 300 |
_a349p _ccm. |
||
| 942 |
_hX7282:Z2q, L6 _cTEXL _2CC |
||
| 999 |
_c1132278 _d1132278 |
||